Basic mechanics with engineering application

Bibliographic Details
Main Authors: Fawcett, J. N. (Author), Burdes, J. S. (Author)
Format: Book
Published: London : Edward Arnold , 1988
Subjects:

MARC

LEADER 00000cam a2200000 7i4500
001 0000003354
005 20170110093000.0
008 021118n
020 |a 0713136200 
090 0 0 |a QA805   |b .F3 1988 
100 0 |a Fawcett, J. N. ,   |e author 
245 0 0 |a Basic mechanics with engineering application   |c J.N. Fawcett and J.S. Burdess 
260 2 |a London :   |b Edward Arnold ,   |c 1988 
300 |a ix, 406 p. ; ;   |c 24 cm. 
501 |a Includes index 
650 0 |a Mechanics, Analytic 
700 0 |a Burdes, J. S. ,   |e author 
999 |a 1000040383   |b Book   |c OPEN SHELF (30 DAYS)   |e Gong Badak Campus 
999 |a 1000040384   |b Book   |c OPEN SHELF (30 DAYS)   |e Gong Badak Campus